000 00408nam a22001697a 4500
005 20160624120557.0
008 160624b xxu||||| |||| 00| 0 eng d
020 _a817194-194-X
041 _aeng
082 _b9789
100 _aSinghnia, Dr. Vinod K
_92650
245 _aDirect Taxes Ready Rockoner
260 _bTaxmanns
_c1999-2000
300 _aPARA 266.12
650 _aManagement
_9241
942 _cBK
999 _c3817
_d3816